000
00311nam a22001337a 4500
008
210707s2006 xx 000 0 und d
041
_a
eng
082
_a
052 BJ
245
_a
Bhavans journal
260
_b
The Divine Life Society
_c
2006
650
_a
Culture
650
_a
Culture
906
_a
Bhavans journal
999
_c
179360
_d
179360